[Event "Metz 4th"]
[Site "Metz"]
[Date "2018.07.26"]
[Round "5"]
[White "Murdzia, Piotr"]
[Black "Le Corre, Benjamin"]
[Result "1-0"]
[WhiteElo "2410"]
[BlackElo "2257"]
[PlyCount "197"]
[EventDate "2018.07.23"]
[EventType "tourn"]
[EventRounds "9"]
[EventCountry "FRA"]
[EventCategory "4"]
[SourceTitle "CBM 185 Extra"]
[Source "ChessBase"]
[SourceDate "2018.07.29"]
[SourceVersion "1"]
[SourceVersionDate "2018.07.29"]
[SourceQuality "1"]

1. d4 Nf6 2. c4 g6 3. Nc3 Bg7 4. e4 d6 5. Nf3 0-0 6. h3 c5 7. d5 e6 8. Bd3 Re8 9. 0-0 Na6 10. Re1 Nc7 11. a3 b6 12. Bf4 Nh5 13. Bg5 Bf6 14. Bd2 e5 15. Bf1 Ng7 16. b4 Be7 17. Rb1 Na6 18. Bd3 f5 19. Bc2 Rf8 20. Ba4 g5 21. exf5 Bxf5 22. Bc2 Bd7 23. g4 Qc8 24. Nxg5 cxb4 25. axb4 Bxg5 26. Bxg5 Qxc4 27. Qd3 Qxd3 28. Bxd3 Rf3 29. Re3 Rxe3 30. fxe3 Nc7 31. Be7 Nge8 32. b5 Rc8 33. Rb3 Kf7 34. Bg5 Nf6 35. Ra3 Nce8 36. e4 Rc7 37. Be3 h5 38. g5 Ng8 39. h4 Ne7 40. Kf2 Kg6 41. Na2 Nc8 42. Kg2 Bg4 43. Bd2 Rf7 44. Bf1 Rc7 45. Nb4 Kg7 46. Nc6 Kg6 47. Bc4 Kg7 48. Bc3 Kg6 49. Bf1 Kf7 50. Bb4 Kg7 51. Be1 Kg6 52. Bg3 Kf7 53. Kg1 Kg6 54. Kg2 Kf7 55. Bc4 Kg6 56. Kg1 Rb7 57. Re3 Rc7 58. Kg2 Rb7 59. Bd3 Rc7 60. Re1 Rb7 61. Re3 Rc7 62. Bf1 Rb7 63. Rc3 Rc7 64. Bd3 Rb7 65. Bc2 Rc7 66. Bd3 Kf7 67. Kf2 Kg6 68. Bf1 Rf7+ 69. Kg2 Rc7 70. Bf2 Rb7 71. Ra3 Kg7 72. Nd8 Rd7 73. Ne6+ Kf7 74. Rc3 Ne7 75. Kg3 Ng7 76. Nc7 Ne8 77. Na6 Rd8 78. Nb4 Rd7 79. Be1 Rc7 80. Nc6 Nc8 81. Rc2 Kg7 82. Rf2 Rf7 83. Bc3 Rxf2 84. Kxf2 Nc7 85. Nxe5 Nxd5 86. exd5 dxe5 87. Bxe5+ Kf7 88. Bc4 Bf5 89. Ke3 Ke8 90. Kf4 Bg6 91. Bb8 Bf7 92. Ke5 Ne7 93. Bxa7 Ng6+ 94. Kf6 Nxh4 95. Bxb6 Nf3 96. Bc7 Nd2 97. b6 Ne4+ 98. Ke5 Nc5 99. Bb5+ 1-0

[Event "Metz 4th"]
[Site "Metz"]
[Date "2018.07.25"]
[Round "4"]
[White "Adrian, Claude"]
[Black "Murdzia, Piotr"]
[Result "0-1"]
[WhiteElo "2267"]
[BlackElo "2410"]
[PlyCount "112"]
[EventDate "2018.07.23"]
[EventType "tourn"]
[EventRounds "9"]
[EventCountry "FRA"]
[EventCategory "4"]
[SourceTitle "CBM 185 Extra"]
[Source "ChessBase"]
[SourceDate "2018.07.29"]
[SourceVersion "1"]
[SourceVersionDate "2018.07.29"]
[SourceQuality "1"]

1. c4 c6 2. e4 d5 3. exd5 cxd5 4. d4 Nf6 5. Nc3 e6 6. c5 b6 7. b4 Ne4 8. Qc2 Nc6 9. Bb5 Bd7 10. Bxc6 Bxc6 11. Nge2 Nxc3 12. Nxc3 bxc5 13. bxc5 Qh4 14. Qd3 Be7 15. 0-0 0-0 16. g3 Qg4 17. Bf4 g5 18. f3 Qh3 19. Be5 f6 20. Bd6 Bxd6 21. cxd6 Rad8 22. Qa6 Rxd6 23. Qxa7 e5 24. Rab1 Qd7 25. Qxd7 Rxd7 26. Rfd1 Rc8 27. Rb3 Kf7 28. Kf2 Bb7 29. Rd2 Rc4 30. dxe5 fxe5 31. Ne4 Ke7 32. Nxg5 h6 33. Nh3 d4 34. Rb6 Rc3 35. Ng1 Bc6 36. Rb3 Rc4 37. g4 Kd6 38. Ne2 Kc5 39. Ng3 Bd5 40. h4 Rc3 41. Ne4+ Bxe4 42. fxe4 Rf7+ 43. Ke2 Rxb3 44. axb3 Rf4 45. Rc2+ Kb4 46. Rc6 Rxe4+ 47. Kd3 Rxg4 48. Rxh6 Rg3+ 49. Ke4 Re3+ 50. Kf5 d3 51. Rd6 Kxb3 52. h5 Kc2 53. Rc6+ Kd1 54. h6 d2 55. Re6 Kc2 56. Rc6+ Kd3 0-1